000 00827nam a22002657a 4500
001 BR7327005
003 BR-BrBNA
005 20230928084357.0
007 ta
008 230509b bl.||||| |||| 00| 0 por d
040 _aBR-BrBNA
_bpor
_cBiblioteca Nacional de Agricultura
041 _a(Por)
072 _aE30; L00
_b5250
_b5240
_b/G514
090 _ 5250 BR7327005
110 1 _aDiretoria Estadual do Ministerio da Agricultura em Alagoas, Maceio (Brasil)
_93422
245 1 _aContribuicao do estado de Alagoas para o plano de assistencia tecnica a caprinocultura e ovinocultura, maio 1970 [Brasil]
260 3 _aMaceio, AL (Brasil):
_c1970.
300 _a4 p.
650 _aOVINO
650 _aCAPRINO
650 _aASSISTENCIA TECNICA
650 _aALAGOAS
909 _a202309
_bLucia
_c55
_dLucia Elande
942 _cBK
999 _c18538
_d18538